| 000 | 05716cam a22012974i 4500 | ||
|---|---|---|---|
| 003 | PE-LiUPU | ||
| 005 | 20250813185603.0 | ||
| 008 | 150706s r 000 0 d | ||
| 020 | _a9786124011054 | ||
| 035 | _a(Sirsi) i9786124011054 | ||
| 040 |
_aPE-LiUPU _bspa _cPE-LiUPU _erda |
||
| 049 | _aPRUA | ||
| 082 | 0 | 4 |
_a378.85 _bUPH _221 |
| 100 | 1 |
_aRíos Burga, Jaime R., _eautor. |
|
| 245 | 1 | 3 |
_aLa universidad en el siglo XIX / _cJaime R. Ríos Burga. |
| 264 | 1 |
_aLima : _bAsamblea Nacional de Rectores, _c2008. |
|
| 300 |
_a610 páginas : _bilustraciones ; _c24 centímetros |
||
| 336 |
_atext _2rdacontent |
||
| 337 |
_aunmediated _2rdamedia |
||
| 338 |
_avolume _2rdacarrier |
||
| 490 | 0 |
_aLa universidad en el Perú: Historia, Presente y Futuro ; _v3 |
|
| 504 | _aIncluye bibliografía. | ||
| 505 | 0 | _aSociedad y universidad -- La ideología de la emancipación. Augusto Salazar Bondy -- La ideología de las constituciones peruanas de la primera mitad del siglo XIX. Mario Alzamora Valdez -- Las fuerzas educativas. Francisco García Calderón -- La educación y universidad. Joaquín Capelo -- La bohemia de mi tiempo. Ricardo Palma -- La universidad en los comienzos del siglo XIX. Felipe Barreda y Laos -- Sociedad y universidad en el Siglo XIX. Jaime Ríos Burga -- La universidad y la obra intelectual hasta 1860. Luis Antonio Eguiguren -- Universidad -- Normas constitucionales republicanas. Raúl Estuardo Cornejo -- La realidad educativa a fines del siglo XIX. Raúl Palacios Rodríguez.- Fundación y desarrollo de la universidad de Trujillo. Alfredo Valdivieso García -- La universidad de San Cristobal de Huamanga en el siglo XIX. Varios -- Las universidades durante los años de 1845-50 del primer gobierno de Castilla. Alberto Regal -- La universidad Mayor de San Marcos y la guerra del pacífico. Jenaro E. Herrera -- Reglamento General de instrucción pública expedido a 18 de marzo de 1876. Manuel Pardo y Lavalle -- Vida universitaria, cátedras y biografías -- Vicente Morales Duarez. Felipe Barreda y Laos -- Bartolomé Herrera. Luis Felipe Alarco -- La vida intelectual, la universidad y la cultura. José Tamayo Herrera -- La vida educativa superior a principios del siglo XIX. E.W. Middendors -- Sebastián Lorente. Héctor López Martínez -- La universidad de San Marcos y el Perú. Ella Dunbar Temple -- Los intelectuales y su función social. Pablo Macera -- Juan de Arona, viajero integral. Estuardo Núñez -- La enseñanza universitaria. Francisco García Calderón. | |
| 526 | _aP202 | ||
| 526 | _aP201 | ||
| 526 | _aP163 | ||
| 526 | _aP162 | ||
| 526 | _aP161 | ||
| 526 | _aP160 | ||
| 526 | _aP148 | ||
| 526 | _aP147 | ||
| 526 | _aP146 | ||
| 526 | _aP145 | ||
| 526 | _aP144 | ||
| 526 | _aP143 | ||
| 526 | _aP142 | ||
| 526 | _aP141 | ||
| 526 | _aP140 | ||
| 526 | _aP139 | ||
| 526 | _aP138 | ||
| 526 | _aP137 | ||
| 526 | _aP136 | ||
| 526 | _aP135 | ||
| 526 | _aP134 | ||
| 526 | _aP133 | ||
| 526 | _aP129 | ||
| 526 | _aP128 | ||
| 526 | _aP127 | ||
| 526 | _aP120 | ||
| 526 | _aP119 | ||
| 526 | _aP118 | ||
| 526 | _aP116 | ||
| 526 | _aP115 | ||
| 526 | _aP114 | ||
| 526 | _aP110 | ||
| 526 | _aP109 | ||
| 526 | _aP108 | ||
| 526 | _aP104 | ||
| 526 | _aP103 | ||
| 526 | _aP102 | ||
| 526 | _aP99 | ||
| 526 | _aP98 | ||
| 526 | _aP97 | ||
| 526 | _aP96 | ||
| 526 | _aP95 | ||
| 526 | _aP93 | ||
| 526 | _aP90 | ||
| 526 | _aP89 | ||
| 526 | _aP88 | ||
| 526 | _aP83 | ||
| 526 | _aP82 | ||
| 526 | _aP62 | ||
| 526 | _aP59 | ||
| 526 | _aP58 | ||
| 526 | _aP57 | ||
| 526 | _aP51 | ||
| 526 | _aP49 | ||
| 526 | _aP48 | ||
| 526 | _aP47 | ||
| 526 | _aP29 | ||
| 526 | _aP24 | ||
| 526 | _aP20 | ||
| 526 | _aP19 | ||
| 526 | _aP17 | ||
| 526 | _aP15 | ||
| 526 | _aP14 | ||
| 526 | _aP12 | ||
| 526 | _aP10 | ||
| 526 | _aP09 | ||
| 526 | _aP08 | ||
| 526 | _aP07 | ||
| 526 | _aP06 | ||
| 526 | _aP05 | ||
| 526 | _aP04 | ||
| 526 | _aP01 | ||
| 650 | 0 | 4 |
_aUniversidades _zPerú _xHistoria. |
| 942 |
_2ddc _cBOOK |
||
| 949 |
_a378.85 UPH 3 _wDEWEY _c1 _i62846 _d2016-9-21 _e2016-9-15 _lCCODEBUL1 _mBUL _n1 _p22.00 _r0 _sY _tBOOK _u2015-7-6 _xEDUCACION _zUNKNOWN _0COMPRA _o.STAFF. Colección General |
||
| 949 |
_a378.85 UPH 3 _wDEWEY _c2 _i62845 _lCCODEBUL1 _mBUL _p22.00 _r0 _sY _tBOOK _u2015-7-6 _xEDUCACION _zUNKNOWN _0COMPRA _o.STAFF. Colección General |
||
| 949 |
_a376.51 R63 T3 2008 _wDEWEY _c1 _iFJ05248 _lCCODEBUJ1 _mBUJ _p22.00 _r0 _sY _tBOOK _u2016-07-08 _xEDUCACIÓN _PP14 _o.STAFF -- Colección General Juliaca |
||
| 949 |
_a376.51 R63 T3 2008 _wDEWEY _c2 _iFJ05249 _lCCODEBUJ1 _mBUJ _p22.00 _r0 _sY _tBOOK _u2016-07-08 _xEDUCACIÓN _PP14 _o.STAFF -- Colección General Juliaca |
||
| 994 |
_aC0 _bPEPRU |
||
| 596 | _a1 3 | ||
| 999 |
_a378.85 UPH 3 _wDEWEY _c51858 _i62846 _d51858 _e2016-9-15 _f2021-11-8 _g5 _lCCODEBUL1 _mBUL _n1 _p22.00 _r0 _sN _tBOOK _u2015-7-6 _xEDUCACION _zUNKNOWN _0COMPRA _o.STAFF. Colección General |
||
| 999 |
_a378.85 UPH 3 _wDEWEY _c2 _i62845 _f2021-11-8 _g5 _lCCODEBUL1 _mBUL _p22.00 _r0 _sY _tBOOK _u2015-7-6 _xEDUCACION _zUNKNOWN _0COMPRA _o.STAFF. Colección General |
||
| 999 |
_a376.51 R63 T3 2008 _wDEWEY _c1 _iFJ05248 _f2022-1-18 _g3 _lCCODEBUJ1 _mBUJ _r0 _sY _tBOOK _u2017-1-12 _xEDUCACION _PP20 _0DONACION _o.STAFF. Colección General Juliaca |
||
| 999 |
_a376.51 R63 T3 2008 _wDEWEY _c2 _iFJ05249 _f2022-1-18 _g3 _lCCODEBUJ1 _mBUJ _r0 _sY _tBOOK _u2017-1-12 _xEDUCACION _PP20 _0DONACION _o.STAFF. Colección General Juliaca |
||
| 980 |
_81 _gALBERTO SANCHEZ Responsable de Automatización |
||